[Event "HUN-chT2 Erkel 1516"]
[Site "Hungary"]
[Date "2016.02.14"]
[Round "7.4"]
[White "Frink, Szabolcs"]
[Black "Gorcsi, Gabor"]
[Result "0-1"]
[WhiteElo "2091"]
[BlackElo "2301"]
[PlyCount "66"]
[EventDate "2015.09.13"]
[EventType "team-tourn"]
[EventRounds "11"]
[EventCountry "HUN"]
[SourceTitle "EXT 2017"]
[Source "ChessBase"]
[SourceDate "2016.10.25"]
[SourceVersion "1"]
[SourceVersionDate "2016.10.25"]
[SourceQuality "1"]
[WhiteTeam "Salgotarjan"]
[BlackTeam "HASE"]
[WhiteTeamCountry "HUN"]
[BlackTeamCountry "HUN"]

1. d4 Nf6 2. c4 c5 3. d5 b5 4. cxb5 a6 5. f3 e6 6. dxe6 fxe6 7. e4 Be7 8. Nc3 Bb7 9. Nh3 0-0 10. Nf2 d5 11. exd5 exd5 12. Be2 d4 13. bxa6 Bc6 14. Nb5 Nxa6 15. 0-0 Kh8 16. Bc4 Nc7 17. Nxc7 Qxc7 18. Bg5 Bd6 19. f4 Bxf4 20. Bxf4 Qxf4 21. Qd3 Rad8 22. g3 Qh6 23. Rae1 Nd7 24. Ng4 Qh3 25. Rxf8+ Rxf8 26. Re4 Bxe4 27. Qxe4 Qh5 28. Bd3 Re8 29. Qf4 Ne5 30. Be2 Nxg4 31. Bxg4 Qd5 32. b3 d3 33. Bf3 d2 0-1

[Event "HUN-chT2 Erkel 1516"]
[Site "Hungary"]
[Date "2015.09.13"]
[Round "1.4"]
[White "Pal, Geza"]
[Black "Frink, Szabolcs"]
[Result "1-0"]
[WhiteElo "2174"]
[BlackElo "2091"]
[PlyCount "109"]
[EventDate "2015.09.13"]
[EventType "team-tourn"]
[EventRounds "11"]
[EventCountry "HUN"]
[SourceTitle "CBM 170 Extra"]
[Source "ChessBase"]
[SourceDate "2016.02.25"]
[SourceVersion "1"]
[SourceVersionDate "2016.02.25"]
[SourceQuality "1"]
[WhiteTeam "Foti"]
[BlackTeam "Salgotarjan"]
[WhiteTeamCountry "HUN"]
[BlackTeamCountry "HUN"]

1. d4 d5 2. Nf3 c6 3. Bf4 e6 4. Nbd2 Bd6 5. e3 Bxf4 6. exf4 Nf6 7. Bd3 Qd6 8. g3 c5 9. c4 cxd4 10. c5 Qe7 11. 0-0 Nc6 12. Rc1 0-0 13. Re1 Bd7 14. Bb1 Rac8 15. a3 g6 16. b4 a5 17. Qb3 axb4 18. axb4 Na7 19. Bd3 Nb5 20. Qb2 Ra8 21. Ra1 Bc6 22. Nxd4 Nxd4 23. Qxd4 Rxa1 24. Rxa1 Nd7 25. Bf1 Qf6 26. Nf3 Qxd4 27. Nxd4 e5 28. fxe5 Nxe5 29. Ra7 Rb8 30. f4 Ng4 31. Bh3 Ne3 32. Kf2 Nd1+ 33. Ke2 Nc3+ 34. Kd3 Ne4 35. Bg2 Nf6 36. Bf3 h5 37. h3 Bd7 38. Bg2 Kf8 39. Ra2 Re8 40. Ra1 Ne4 41. Ra7 Nf2+ 42. Kc2 Bc8 43. b5 Ne4 44. Bxe4 dxe4 45. Kd2 e3+ 46. Ke1 Rd8 47. Ra8 Rxd4 48. Rxc8+ Kg7 49. Rc7 Rc4 50. Ke2 Rc3 51. b6 Kf6 52. Rc8 Kf5 53. c6 Rc2+ 54. Kxe3 Rc3+ 55. Kd2 1-0

[Event "HUN-chT2 Erkel 0607"]
[Site "Hungary"]
[Date "2006.12.03"]
[Round "3"]
[White "Trajber, Csaba"]
[Black "Frink, Szabolcs"]
[Result "0-1"]
[WhiteElo "2079"]
[BlackElo "2081"]
[PlyCount "106"]
[EventDate "2006.11.12"]
[EventType "team"]
[EventRounds "11"]
[EventCountry "HUN"]
[SourceTitle "EXT 2008"]
[Source "ChessBase"]
[SourceDate "2007.11.25"]
[SourceVersion "1"]
[SourceVersionDate "2007.11.25"]
[SourceQuality "1"]
[WhiteTeam "Vaci"]
[BlackTeam "Vasarteri"]
[WhiteTeamCountry "HUN"]
[BlackTeamCountry "HUN"]

1. e4 c5 2. Nf3 Nc6 3. d4 cxd4 4. Nxd4 e5 5. Nb5 d6 6. N1c3 a6 7. Na3 h6 8. Be3 Nf6 9. Nd5 Nxd5 10. exd5 Ne7 11. c4 Nf5 12. Bd2 Be7 13. Bd3 0-0 14. Nc2 Bg5 15. 0-0 Bxd2 16. Qxd2 Nh4 17. f4 f5 18. fxe5 dxe5 19. g3 e4 20. Bxe4 fxe4 21. Rxf8+ Qxf8 22. gxh4 Bh3 23. Qe3 Qf5 24. Nd4 Qg4+ 25. Qg3 e3 26. Qxg4 Bxg4 27. Re1 Re8 28. Nc2 e2 29. Kf2 Re4 30. b3 Kf8 31. Rg1 Bh5 32. Ne1 Rxh4 33. Rg2 Rd4 34. Ke3 Rd1 35. Rg1 g5 36. Kf2 Ra1 37. a4 Rb1 38. Rg3 Bg6 39. Kxe2 Rb2+ 40. Kd1 Rxh2 41. Re3 Bh5+ 42. Kc1 Re2 43. Rxe2 Bxe2 44. Kd2 Bg4 45. b4 Ke7 46. c5 Bd7 47. a5 Kf6 48. Nf3 g4 49. Nd4 Ke5 50. c6 Bc8 51. Nc2 bxc6 52. dxc6 Kd5 53. Ke3 Kxc6 0-1

[Event "Salgotarjan Balazs Memorial op"]
[Site "Salgotarjan"]
[Date "2003.08.05"]
[Round "9"]
[White "Koltanyi, Imre"]
[Black "Frink, Szabolcs"]
[Result "1-0"]
[WhiteElo "2124"]
[BlackElo "2105"]
[PlyCount "90"]
[EventDate "2003.07.28"]
[EventType "swiss"]
[EventRounds "9"]
[EventCountry "HUN"]
[SourceTitle "EXT 2008"]
[Source "ChessBase"]
[SourceDate "2007.11.25"]
[SourceVersion "1"]
[SourceVersionDate "2007.11.25"]
[SourceQuality "1"]

1. e4 c5 2. Nf3 d6 3. d4 cxd4 4. Nxd4 Nf6 5. Nc3 a6 6. Be3 g6 7. Be2 Bg7 8. Qd2 Ng4 9. Bxg4 Bxg4 10. f3 Bd7 11. Nb3 Bc6 12. 0-0-0 Nd7 13. Bd4 f6 14. Be3 Ne5 15. Qe2 b5 16. f4 Nc4 17. Bf2 0-0 18. Nd4 Bd7 19. f5 Qa5 20. g4 Rac8 21. Nb3 Bh6+ 22. Kb1 Na3+ 23. bxa3 Qxc3 24. h4 Bf4 25. Bd4 Qc7 26. Rdf1 Be5 27. g5 a5 28. fxg6 hxg6 29. h5 Be8 30. hxg6 Bxg6 31. Rh6 Kg7 32. Rfh1 Rh8 33. Bxe5 dxe5 34. Qh2 Rxh6 35. gxh6+ Kh7 36. Qg2 a4 37. Nc1 Qc4 38. Rh4 b4 39. Qe2 bxa3 40. Qxc4 Rxc4 41. Rh3 Bxe4 42. Rh2 Rb4+ 43. Ka1 Rb2 44. Nd3 Bxd3 45. Rd2 Bxc2 1-0

[Event "HUN-chT2 Erkel 0203"]
[Site "Hungary"]
[Date "2002.10.13"]
[Round "2"]
[White "Horvath, Jeno Kalman"]
[Black "Frink, Szabolcs"]
[Result "1/2-1/2"]
[WhiteElo "2114"]
[BlackElo "2090"]
[PlyCount "31"]
[EventDate "2002.09.22"]
[EventType "team"]
[EventRounds "11"]
[EventCountry "HUN"]
[SourceTitle "EXT 2009"]
[Source "ChessBase"]
[SourceDate "2008.11.26"]
[SourceVersion "1"]
[SourceVersionDate "2008.11.26"]
[SourceQuality "1"]

1. e4 c5 2. c3 d5 3. exd5 Qxd5 4. d4 e6 5. Nf3 Nc6 6. Be2 cxd4 7. cxd4 Nf6 8. 0-0 Qd8 9. Nc3 a6 10. Bg5 Be7 11. Rc1 0-0 12. a3 Nd5 13. Bxe7 Ncxe7 14. Qd2 Nxc3 15. Rxc3 Nd5 16. Rcc1 1/2-1/2

[Event "Nyiregyhaza op"]
[Site "Nyiregyhaza"]
[Date "1996.??.??"]
[Round "5"]
[White "Frink, Szabolcs"]
[Black "Bokros, Albert"]
[Result "0-1"]
[WhiteElo "2140"]
[BlackElo "2215"]
[PlyCount "50"]
[EventDate "1996.07.??"]
[EventType "swiss"]
[EventRounds "9"]
[EventCountry "HUN"]
[SourceTitle "EXT 2004"]
[Source "ChessBase"]
[SourceDate "2003.11.25"]
[SourceVersion "1"]
[SourceVersionDate "2003.11.25"]
[SourceQuality "1"]

1. d4 Nf6 2. c4 e6 3. Nc3 Bb4 4. e3 0-0 5. Bd3 c5 6. a3 Bxc3+ 7. bxc3 d6 8. Ne2 Nc6 9. 0-0 e5 10. f3 Qe7 11. d5 Na5 12. e4 Nh5 13. f4 exf4 14. Bxf4 Nxf4 15. Rxf4 Qe5 16. Qf1 Bd7 17. Rc1 f5 18. Qf3 fxe4 19. Qxe4 Qxe4 20. Bxe4 Rxf4 21. Nxf4 Nxc4 22. Ne6 b5 23. Rf1 Re8 24. Rf4 Nb6 25. Ng5 h6 0-1

[Event "Nyiregyhaza op"]
[Site "Nyiregyhaza"]
[Date "1996.??.??"]
[Round "3"]
[White "Frink, Szabolcs"]
[Black "Szurovszky, Elek"]
[Result "1/2-1/2"]
[WhiteElo "2140"]
[BlackElo "2255"]
[PlyCount "121"]
[EventDate "1996.07.??"]
[EventType "swiss"]
[EventRounds "9"]
[EventCountry "HUN"]
[SourceTitle "EXT 2004"]
[Source "ChessBase"]
[SourceDate "2003.11.25"]
[SourceVersion "1"]
[SourceVersionDate "2003.11.25"]
[SourceQuality "1"]

1. d4 Nf6 2. c4 e6 3. Nf3 b6 4. Nc3 Bb7 5. e3 d6 6. Bd3 Nbd7 7. 0-0 Be7 8. Re1 0-0 9. e4 e5 10. d5 Nc5 11. Bc2 a5 12. b3 Ne8 13. h3 g6 14. Nh2 f5 15. f4 exf4 16. Bxf4 fxe4 17. Bh6 Bf6 18. Nxe4 Nxe4 19. Bxe4 Ng7 20. Rc1 Bh4 21. Rf1 Rxf1+ 22. Qxf1 Qe7 23. Qd3 Re8 24. Bxg7 Qxe4 25. Qxe4 Rxe4 26. Bc3 Re2 27. Ra1 Bc8 28. Nf3 Bg3 29. Nd4 Re3 30. Rc1 Bd7 31. Kf1 Kf7 32. Ne2 Bh4 33. Nd4 Ke8 34. Be1 Bf6 35. Bf2 Rd3 36. Re1+ Kf7 37. Ne6 c5 38. Ke2 Rc3 39. Kd2 a4 40. Ng5+ Bxg5+ 41. Kxc3 Bf6+ 42. Kd2 axb3 43. axb3 b5 44. cxb5 Bxb5 45. Bg3 Be7 46. Ra1 h5 47. Ra7 Ke8 48. Ke3 Bf1 49. Kf2 Bd3 50. Ke3 Bc2 51. Rb7 g5 52. Bh2 h4 53. b4 cxb4 54. Rxb4 Bf5 55. Kd4 Bf6+ 56. Kc4 Be4 57. Bxd6 Bxg2 58. Rb3 Kd7 59. Kc5 Bd8 60. Rb7+ Ke8 61. Rb3 1/2-1/2

[Event "Nyiregyhaza op"]
[Site "Nyiregyhaza"]
[Date "1996.??.??"]
[Round "6"]
[White "Savtchour, Fedor"]
[Black "Frink, Szabolcs"]
[Result "1-0"]
[WhiteElo "2215"]
[BlackElo "2140"]
[PlyCount "49"]
[EventDate "1996.07.??"]
[EventType "swiss"]
[EventRounds "9"]
[EventCountry "HUN"]
[SourceTitle "EXT 2004"]
[Source "ChessBase"]
[SourceDate "2003.11.25"]
[SourceVersion "1"]
[SourceVersionDate "2003.11.25"]
[SourceQuality "1"]

1. d4 Nf6 2. Nf3 g6 3. Bg5 Bg7 4. Nbd2 d6 5. e3 0-0 6. Bd3 Nbd7 7. 0-0 c5 8. c3 a6 9. Qe2 h6 10. Bh4 b6 11. Ne4 Bb7 12. Nfd2 d5 13. Nxf6+ Nxf6 14. f4 c4 15. Bc2 b5 16. Bxf6 exf6 17. f5 Qe8 18. Rae1 g5 19. h4 Qd8 20. Qf3 Re8 21. hxg5 hxg5 22. Kf2 Kf8 23. Rh1 Qd6 24. Rh7 Kg8 25. Reh1 1-0

[Event "Nyiregyhaza op"]
[Site "Nyiregyhaza"]
[Date "1996.??.??"]
[Round "2"]
[White "Toth, Gabor"]
[Black "Frink, Szabolcs"]
[Result "1/2-1/2"]
[WhiteElo "2205"]
[BlackElo "2140"]
[PlyCount "24"]
[EventDate "1996.07.??"]
[EventType "swiss"]
[EventRounds "9"]
[EventCountry "HUN"]
[SourceTitle "EXT 2004"]
[Source "ChessBase"]
[SourceDate "2003.11.25"]
[SourceVersion "1"]
[SourceVersionDate "2003.11.25"]
[SourceQuality "1"]

1. e4 c5 2. Nc3 Nc6 3. g3 g6 4. Bg2 Bg7 5. d3 d6 6. Be3 Nf6 7. h3 0-0 8. Nf3 e5 9. 0-0 Be6 10. Qd2 Nd7 11. Ng5 a6 12. a4 Rb8 1/2-1/2